| 000 | 00587nam a2200193Ia 4500 | ||
|---|---|---|---|
| 003 | OSt | ||
| 005 | 20260522115827.0 | ||
| 008 | 210210b1986 xxu||||| |||| 00| 0 eng d | ||
| 040 | _cAL | ||
| 041 | _aKonkani | ||
| 082 | _a891.463 FERM | ||
| 100 |
_aFERNANDIS (Jefri C). _9137949 _dಫೆರ್ನಾಂಡಿಸ್ (ಜೆಫ್ರಿ ಸಿ) |
||
| 245 |
_aMoje khatir jiye. (serial story). _bಮೊಜೆ ಖಾತಿರ್ ಜಿಯೆ |
||
| 260 |
_aManglur. _bSevak Prakashan., _c1986 |
||
| 300 | _a107 | ||
| 690 |
_aKonkani Fiction _9137950 |
||
| 906 | _a050115 | ||
| 942 |
_2ddc _cBK |
||
| 999 |
_c98626 _d98626 |
||